000 01038nmc a2200373 a 4500
003 AR-BaBNM
005 20251128204517.0
008 235019s1987 ||||||||||||||000 | spa||
020 _a950-582-206-6
040 _cAR-BaBNM
100 1 _aBerretta, Horacio
245 1 0 _aVivienda y promoción para las mayorías
260 _aBuenos Aires
_bHumanitas
_c1987
300 0 _a367 p.
_bil.
490 0 _aGuidance
500 0 _aAnexos en p. 307-345
504 _aBibliografía en p. 347-362
650 4 _aCONDICIONES DE VIDA
650 4 _aNECESIDADES HUMANAS
650 4 _aPROBLEMAS SOCIALES
650 4 _aVIVIENDA
650 4 _aASENTAMIENTOS HUMANOS
650 4 _aCONSTRUCCION DE VIVIENDAS
650 4 _aFINANCIACION
650 4 _aNECESIDADES DE VIVIENDA
650 4 _aPOLITICA DE LA VIVIENDA
650 4 _aPOLITICA DEL BIENESTAR
650 4 _aPLANIFICACION URBANA
650 4 _aPROMOCION SOCIAL
650 4 _aPOLITICA SOCIAL
800 1 _aSierra de Villaverde, Sela
_edirector
942 _cBK
998 _cMarce
999 _c7716
_d7716